| 000 | 00643nam a22002057a 4500 | ||
|---|---|---|---|
| 999 |
_c167813 _d167813 |
||
| 005 | 20190919153407.0 | ||
| 010 | _aENG-126501 | ||
| 020 |
_c525.00 _a9789353167448 |
||
| 035 | _aEN-110033 | ||
| 037 | _bDBAD/PUB | ||
| 082 |
_a604.2 _23th |
||
| 100 | _aAgarwal ,Basant | ||
| 245 |
_aEngineering Drawing / _c By Basant Agrawal [and] C M Agrawal |
||
| 260 |
_aChennai _bMcGraw Hill Education _c2020 |
||
| 270 |
_bChennai _a444/1,Sri Ekambara Naicker Industrial Estate,Alapakkam,Porur _e600116 |
||
| 300 |
_aVariousp. _c24cm(pbk) |
||
| 500 | _aincludes index | ||
| 700 | _aAgrawal ,C M | ||
| 942 |
_2ddc _cEN _h604.2 _mAGA _e3rd |
||